000 00597cam a22002053a 4500
001 39288
003 PGUSA
005 20140828083855.0
008 120328s2012||||xxu|||||s|||||000 | eng d
040 _aPGUSA
_beng
042 _adc
100 1 _aBacon, Benjamin Wisner,
_d1860-1932
245 1 4 _aThe Making of the New Testament
_h[electronic resource] /
_cBenjamin Wisner Bacon
260 _bProject Gutenberg,
_c2012
506 _aPublic domain in the USA.
516 _aElectronic text
830 0 _aProject Gutenberg
_v39288
856 4 0 _uhttp://www.gutenberg.org/ebooks/39288
942 _cEB
999 _c268541
_d268541